000
00330nam a2200145Ia 4500
005
20251222141805.0
008
251222s9999||||xx |||||||||||||| ||spa||
020
_a
968-880-447-9
082
_a
658/R71
100
_a
Robbins,Stephen P.
245
0
_a
Administración:
250
_a
4a.ed.
264
_b
Prentice Hall
942
_c
LIB
999
_c
6288
_d
6288